000 00335nam a2200133Ia 4500
008 151001s9999||||xx |||||||||||||| ||und||
100 _aसंजय सोनवणी
245 _aअखेरचा सम्राट
250 _a2
260 _bपुण्य
260 _c2000
300 _a230
365 _b21
999 _c978138
_d978135